KOHA-Header-6

Instant UML (Record no. 7815)

000 -LEADER
fixed length control field 00253nam a2200109Ia 4500
100 ## - MAIN ENTRY--AUTHOR NAME
Personal name Pierre- Alain Muller
245 #0 - TITLE STATEMENT
Title Instant UML
260 ## - PUBLICATION, DISTRIBUTION, ETC. (IMPRINT)
Place of publication India
Name of publisher McGraw-Hill
Year of publication 1997
300 ## - PHYSICAL DESCRIPTION
Number of Pages 343
942 ## - ADDED ENTRY ELEMENTS (KOHA)
Koha item type Books
Holdings
Withdrawn status Lost status Collection code Permanent Location Current Location Shelving location Date acquired Full call number Accession Number Koha item type
    Computer Languages MAJU MAJU Shelf No.A18 2019-09-12 005.2 1975 Computer Languages

Powered by Koha